| 000 | 00380 a2200145 4500 | ||
|---|---|---|---|
| 005 | 20250627151522.0 | ||
| 020 | _a0-534-12000-8 | ||
| 082 | _a301 BRO. | ||
| 100 | _aBROOM, L. | ||
| 245 | _aSociology | ||
| 260 |
_aNew York, _bWadsworth Cengage Learning, _c1990. |
||
| 300 |
_axi.; 388.; Ill.; picture, _bIndex, _c25cm. |
||
| 700 | _aBONJEAM. M. C. & BROOM, H. D. | ||
| 942 |
_2ddc _cBKS |
||
| 999 |
_c5711 _d5711 |
||